| 000 | 00795nam a22002057a 4500 | ||
|---|---|---|---|
| 003 | OSt | ||
| 005 | 20140310182936.0 | ||
| 008 | 130201t xxu||||| |||| 00| 0 eng d | ||
| 020 | _a9715740162 | ||
| 050 |
_aHC460 _b.R789 1998 |
||
| 082 |
_aFIL303.4833 _2R22 1998 |
||
| 245 |
_aA Reader on Information & Communication Technology Planning for Development _bPrepared for United Nations Educational, Scientific and Cultural Organization (UNESCO), National Commission of the Philippines, by the Asian Institute of Journalism and Communication ; _cRosario-Braid, Florangel, Tuazon, Ramon R. |
||
| 260 |
_aQuezon City _bKatha Publishing Co., Inc. _c1998 |
||
| 300 |
_axx, 221 p _c 23 cm |
||
| 521 | _aCollege | ||
| 526 | _c1210L-1700L | ||
| 541 | _j1 | ||
| 562 | _e1 | ||
| 942 |
_2lcc _cBK _kFIL |
||
| 999 |
_c17630 _d17630 |
||